[Event "ROM-ch U10"]
[Site "Baile Felix"]
[Date "2017.02.07"]
[Round "7"]
[White "Revnic, Radu Andrei"]
[Black "Pataki, Dragos Ioan"]
[Result "1/2-1/2"]
[WhiteElo "1191"]
[BlackElo "1061"]
[PlyCount "86"]
[EventDate "2017.02.02"]
[EventType "swiss"]
[EventRounds "9"]
[EventCountry "ROU"]
[SourceTitle "CBM 176 Extra"]
[Source "ChessBase"]
[SourceDate "2017.03.02"]
[SourceVersion "1"]
[SourceVersionDate "2017.03.02"]
[SourceQuality "1"]

1. e4 c5 2. c4 Nc6 3. Nc3 g6 4. g3 Bg7 5. Bg2 e6 6. Nge2 Nge7 7. 0-0 0-0 8. d3 d6 9. f4 a6 10. a4 Bd7 11. h3 Qc8 12. g4 f5 13. Ng3 Nd4 14. Be3 Nec6 15. Rb1 Rb8 16. gxf5 exf5 17. exf5 Nxf5 18. Nxf5 Bxf5 19. Kh2 Nd4 20. Nd5 Qd8 21. Re1 Re8 22. Bxd4 Rxe1 23. Qxe1 Bxd4 24. Ne7+ Kh8 25. Nxf5 gxf5 26. Qe6 Qf6 27. Qxf6+ Bxf6 28. b3 b6 29. Re1 Rd8 30. Bd5 Bc3 31. Re6 a5 32. Kg2 Bg7 33. Kf3 h6 34. Bc6 Kh7 35. Re8 Rxe8 36. Bxe8 Bd4 37. Bc6 Kg6 38. Be8+ Kg7 39. Bc6 Kg6 40. Be8+ Kg7 41. Bc6 Kg6 42. Be8+ Kg7 43. Bc6 Kg6 1/2-1/2